000 00661cam a22002293a 4500
001 24855
003 PGUSA
005 20140828083532.0
008 080316s2008||||xxu|||||s|||||000 | eng d
040 _aPGUSA
_beng
042 _adc
050 4 _aTA
100 1 _aHill, Charles Shattuck,
_d1868-
245 1 0 _aConcrete Construction :
_bMethods and Costs
_h[electronic resource] /
_cCharles Shattuck Hill
260 _bProject Gutenberg,
_c2008
506 _aPublic domain in the USA.
516 _aElectronic text
653 _aConcrete construction
830 0 _aProject Gutenberg
_v24855
856 4 0 _uhttp://www.gutenberg.org/ebooks/24855
942 _cEB
999 _c254110
_d254110